Hidromechanizáció 3 harmadik nemzetközi hidromechanizációs kollokvium : Magyárország, Miskolc - Egyetemváros 1983, aug. 24-26

Podrobná bibliografia
Médium: Kniha
Jazyk:maďarčina
Fyzický popis:13 prerušené str. 4°
Vydavateľské údaje: [Miskolc] Néhezipari Müszaki Egyetem 1983
Predmet:

MARC

LEADER 00000nam a2200000 a 4500
001 vtls010584664
003 SK-MaSNL
005 20260301034641.0
008 160429s1983 hu 100 0 hun
040 |a SNK  |b slo  |c SNK  |e AACR2 
041 0 |a hun 
044 |a hu  |c HU 
080 |a 621.6.05  |2 1981 
245 0 0 |a Hidromechanizáció 3  |b harmadik nemzetközi hidromechanizációs kollokvium : Magyárország, Miskolc - Egyetemváros 1983, aug. 24-26 
260 |a [Miskolc]  |b Néhezipari Müszaki Egyetem  |c 1983 
300 |a 13 prerušené str.  |c 4° 
650 0 7 |a hydromechanizácia  |2 SNKPH  |9 335905 
655 7 |a zborníky  |2 SNKPH  |9 70165 
958 |a OND 
999 |c 582239  |d 584169 
952 |a SNK  |b SNK  |y PREZ  |7 0  |p 17A0805487  |o snkSB 39657/3  |0 0  |1 0  |4 0  |d 2014-03-21  |l 0  |r 2025-04-24 00:00:00  |w 2026-02-23